Logistika : Teorie a praxe

Salvato in:
Dettagli Bibliografici
Autori principali: Sixta, Josef (Autore), Mačát, Václav (Autore)
Natura: Libro
Lingua:ceco
Pubblicazione: Brno : CP Books, 2005
Edizione:1. vyd
Soggetti:
Accesso online:OBSAH
Tags: Aggiungi Tag
Nessun Tag, puoi essere il primo ad aggiungerne!!

MARC

LEADER 00000nam a22000003a 4500
001 stu95413
005 20150617225813.5
008 050830s2005----xr------------------cze-d
020 |a 80-251-0573-3 
040 |a STU  |b slo 
041 0 |a cze 
044 |a xr 
080 |a 65.012.34 
100 1 |a Sixta, Josef  |4 aut 
245 1 |a Logistika :  |b Teorie a praxe 
250 |a 1. vyd 
260 |a Brno :  |b CP Books,  |c 2005 
300 |a 315 s 
650 7 |a logistika  |2 stusub 
700 1 |a Mačát, Václav  |4 aut 
856 4 |a https://sweb.mtf.stuba.sk/obsahy/logisticka_teoria_a_praxe_05.pdf  |u https://sweb.mtf.stuba.sk/obsahy/logisticka_teoria_a_praxe_05.pdf  |3 OBSAH 
996 |b 284M052765  |c M*11709-3  |l MMST  |s A  |a 24  |w stu95413_0001 
996 |b 284M052766  |c M*11709-4  |l MMST  |s A  |a 24  |w stu95413_0002 
996 |b 284M052767  |c M*11709-5  |l MMST  |s A  |a 24  |w stu95413_0003 
996 |b 284M052763  |c M*11709-1  |l MMST  |s A  |a 24  |w stu95413_0004 
996 |b 284M052764  |c M*11709-2  |l MMST  |s A  |a 24  |w stu95413_0005